Хирургическая тактика и оказание специализированной помощи больным с тяжелыми формами сколиоза

Bibliografiske detaljer
Hovedforfatter: Новиков В. В. Вячеслав Викторович
Summary:В книге подробно описана система оказания высокоспециализированной помощи больным с тяжелыми формами сколиотической деформации позвоночника. Приводится рабочая классификация тяжелых форм сколиозов с учетом величины деформации, мобильности и риска неврологических осложнений. Показан способ радикального исправления тяжелых сколиозов. Подробно описана методика транспозиции спинного мозга как вариант хирургического лечения осложненных кифосколиозов. Предлагается способ интраоперационной диагностики неврологических осложнений при операциях на позвоночнике, а также целостная система прогнозирования и профилактики неврологических осложнений при хирургическом лечении пациентов с тяжелыми сколиозами. Книга предназначена травматологам-ортопедам, нейрохирургам, физиологам, научным сотрудникам, неврологам и врачам других специальностей, занимающимся лечением деформаций позвоночника.
Sprog:russisk
Udgivet: Москва, Физматлит, 2022
Fag:
Format: MixedMaterials Bog
KOHA link:https://koha.lib.tpu.ru/cgi-bin/koha/opac-detail.pl?biblionumber=347870

MARC

LEADER 00000nam0a2200000 4500
001 347870
005 20231102010039.0
010 |a 9785922119283 
035 |a (RuTPU)RU\TPU\book\379825 
090 |a 347870 
100 |a 20220725d2022 k y0rusy50 ca 
101 0 |a rus 
102 |a RU 
105 |a a z 001zy 
200 1 |a Хирургическая тактика и оказание специализированной помощи больным с тяжелыми формами сколиоза  |f В. В. Новиков 
210 |a Москва  |c Физматлит  |d 2022 
215 |a 208 с.  |c ил. 
320 |a Библиогр.: с. 187-207 
330 |a В книге подробно описана система оказания высокоспециализированной помощи больным с тяжелыми формами сколиотической деформации позвоночника. Приводится рабочая классификация тяжелых форм сколиозов с учетом величины деформации, мобильности и риска неврологических осложнений. Показан способ радикального исправления тяжелых сколиозов. Подробно описана методика транспозиции спинного мозга как вариант хирургического лечения осложненных кифосколиозов. Предлагается способ интраоперационной диагностики неврологических осложнений при операциях на позвоночнике, а также целостная система прогнозирования и профилактики неврологических осложнений при хирургическом лечении пациентов с тяжелыми сколиозами. Книга предназначена травматологам-ортопедам, нейрохирургам, физиологам, научным сотрудникам, неврологам и врачам других специальностей, занимающимся лечением деформаций позвоночника. 
606 1 |a Хирургия  |2 stltpush  |3 (RuTPU)RU\TPU\subj\17397  |9 43053 
610 1 |a сколиоз 
610 1 |a позвоночник 
610 1 |a деформации 
610 1 |a спинной мозг 
610 1 |a хирургические вмешательства 
675 |a 617  |v 4 
700 1 |a Новиков  |b В. В.  |g Вячеслав Викторович 
801 1 |a RU  |b 63413507  |c 20220725 
801 2 |a RU  |b 63413507  |c 20221003  |g RCR 
942 |c BK